| 000 | 00578nam a2200181 u 4500 | ||
|---|---|---|---|
| 001 | 000250318 | ||
| 003 | AM-YeHGA | ||
| 005 | 20250618071658.0 | ||
| 008 | 030725s1935 ai r 000 0 arm d | ||
| 040 | _aAM-YeHGA | ||
| 100 | 1 | _aՌեյսներ, Լարիսա | |
| 245 | 1 | 0 |
_aՃակատը / _cԼարիսա Ռեյսներ; Թարգմ.՝ Գար. Հակոբյան. |
| 260 |
_aՅերևան : _bՊետհրատ, _c1935. |
||
| 300 |
_a125 էջ _bնկ. |
||
| 650 | 1 | 4 | _aՌուս գրականություն |
| 700 | 1 |
_aՀակոբյան, Գար. _eթարգմ. _4trl _95441 |
|
| 090 | _c90897 | ||
| 999 |
_c89608 _d89608 |
||